000 00934nam a2200241 i 4500
001 bg
100 1 _aTETERYCZ-PUZIO, Agnieszka
245 1 0 _aGeneza województwa sandomierskiego :
_bterytorium i miejsce w strukturze państwa polskiego w średniowieczu /
_cAgnieszka Teterycz-Puzio.
260 _aSłupsk :
_bWydaw. Uczelniane PAP,
_c2001.
300 _a220 s., [1] k. tabl. złoż. :
_bmapa ;
_c25 cm.
490 1 _aStudia i Rozprawy / Pomorska Akademia Pedagogiczna w Słupsku ;
_vnr 3
504 _aBibliogr.
651 9 _aPolska
_xpodział administracyjny
_y10-14 w.
651 9 _aSandomierz (woj. świętokrzyskie ; okręg)
_xhistoria
_y10-14 w.
830 0 _aStudia i Rozprawy (Pomorska Akademia Pedagogiczna w Słupsku) ;
_vnr 3
020 _a8388731556
040 _cBPK
041 0 _apol
080 _a94(438).02A/Z:352/353.071
920 _a83-88731-55-6
942 _cKS
008 s pl f |000 0 pol
999 _c42500
_d42500
856 _uhttp://koha.tu.koszalin.pl/cgi-bin/koha/opac-detail.pl?biblionumber=42500
_yKatalog online BPK